[Event "Chigorin mem"]
[Site "St. Petersburg"]
[Date "1998.11.09"]
[Round "9"]
[White "Shaposhnikov, Evgeny"]
[Black "Kashtanov, Ruslan"]
[Result "1-0"]
[WhiteElo "2440"]
[BlackElo "2320"]

1.e4 c5 2.Nf3 e6 3.d4 cxd4 4.Nxd4 Nc6 5.Nc3 d6 6.Be3 Nf6 7.Bc4 a6 8.Bb3 Bd7
9.f4 b5 10.a3 Rb8 11.O-O Be7 12.Qf3 Qc7 13.f5 Nxd4 14.Bxd4 O-O 15.fxe6 fxe6
16.Qh3 Qc8 17.Kh1 a5 18.e5 dxe5 19.Bxe5 Rb6 20.Qg3 a4 21.Ba2 Kh8 22.Bd4 Rb8
23.Rae1 Rf7 24.Qe5 b4 25.Nxa4 Rb5 26.Qe2 bxa3 27.bxa3 Qb8 28.Bxe6 Bxe6 29.Qxe6 Kg8
30.Be5 Qb7 31.c4 Ra5 32.Rb1 Qe4 33.Rfe1 Qg4 34.Rb8+ Bf8 35.Rxf8+ Kxf8 36.Bd6+ Kg8
37.Qe8+  1-0

[Event "AUT-chT2O 9899"]
[Site "AUT"]
[Date "1998.11.14"]
[Round "3"]
[White "Stranz, Richard"]
[Black "Rumpl, Erwin"]
[Result "1-0"]
[WhiteElo "2250"]
[BlackElo "2205"]

1.e4 c5 2.Nf3 Nc6 3.Nc3 e6 4.d4 cxd4 5.Nxd4 a6 6.Be2 Nge7 7.Nf3 Ng6 8.h4 Qc7
9.g3 Bc5 10.h5 Nge5 11.Nxe5 Nxe5 12.Bf4 b5 13.Qd2 Bb7 14.h6 g6 15.O-O-O O-O
16.Bxe5 Qxe5 17.f4 Qc7 18.Bf3 d6 19.Ne2 Rac8 20.Kb1 b4 21.Rh2 e5 22.Nc1 Qb6
23.f5 Be3 24.Qxd6 Qxd6 25.Rxd6 gxf5 26.Re2 Bd4 27.Rf6 Rc6 28.Rxf5 Rxh6 29.Nd3 Rg6
30.Nxb4 Bc8 31.Rh5 Rxg3 32.Rg2 Rxg2 33.Bxg2 Kh8 34.c3 Be3 35.Nd5 Bf4 36.Bh3 Bxh3
37.Rxh3 f5 38.Ne7 Rd8 39.Nxf5 Rd1+ 40.Kc2 Rd2+ 41.Kb3 Re2 42.Rd3 h6 43.Rd6 Rxe4
44.Nxh6 Re2 45.Ng4 Bc1 46.Rxa6 Rxb2+ 47.Kc4 Rc2 48.Nf6 Kg7 49.Ne4 Kf7 50.Kd5 Bb2
51.Ra7+ Kg6 52.c4 Rc1 53.Ra6+ Kf5 54.Rf6+ Kg4 55.Rf2 Bd4 56.Rd2 Kf4 57.c5 Rb1
58.Nd6 Rc1 59.Nc4 Bc3 60.c6 Rh1 61.c7 Rh8 62.Rf2+  1-0

[Event "DEN-chT 9899"]
[Site "Denmark"]
[Date "1998.11.14"]
[Round "2"]
[White "Sorensen, Jan"]
[Black "Borge, Nikolaj"]
[Result "0-1"]
[WhiteElo "2400"]
[BlackElo "2455"]

1.e4 c5 2.Nf3 Nc6 3.Nc3 e6 4.d4 cxd4 5.Nxd4 Qc7 6.Be2 a6 7.O-O Nf6 8.Kh1 Nxd4
9.Qxd4 Bc5 10.Qd3 h5 11.f4 Ng4 12.e5 d5 13.exd6 Qxd6 14.Qxd6 Bxd6 15.Bf3 Bc7
16.Re1 Bb6 17.Nd5 Bd8 18.Ne3 Ba5 19.Re2 Nf6 20.Nc4 Bc7 21.Be3 Bd7 22.Ne5 Bxe5
23.fxe5 Nd5 24.Bc5 Bc6 25.Rf1 Bb5 26.Bxd5 Bxe2 27.Bxb7 Bxf1 28.Bxa8 Kd7 29.Bf3 Bc4
30.b3 Bd5 31.Be2 Bb7 32.b4 h4 33.Kg1 f6 34.Bd4 Rf8 35.a4 f5 36.Be3 Ra8 37.c4 Ke7
38.Kf2 Rd8 39.b5 axb5 40.axb5 Be4 41.c5 Ra8 42.Bc4 Kf7 43.Bg5 Ra3 44.Bf1 h3
45.gxh3 f4 46.c6 Kg6 47.c7 Bb7 48.c8=Q Ra2+ 49.Kg1 Bxc8 50.Bxf4 Kf5 51.Bg3 Bb7
52.Bd3+ Be4 53.Bc4 Rc2 54.Bb3 Rc3 55.Ba2 Rc1+  0-1

[Event "Escaldes zt"]
[Site "Escaldes"]
[Date "1998.11.14"]
[Round "9"]
[White "Van den Doel, Erik"]
[Black "De la Riva Aguado, Oscar"]
[Result "1/2-1/2"]
[WhiteElo "2480"]
[BlackElo "2510"]

1.e4 c5 2.Nf3 Nc6 3.d4 cxd4 4.Nxd4 e6 5.Nc3 Qc7 6.Be3 a6 7.Bd3 Nf6 8.O-O Ne5
9.h3 Bc5 10.Na4 Ba7 11.c4 d6 12.Rc1 Bd7 13.Nc3 O-O 14.b3 Ng6 15.Qd2 Rac8
16.Kh1 Qb8 17.a4 Rfe8 18.Bb1 d5 19.exd5 exd5 20.Nxd5 Nxd5 21.cxd5 Rxc1 22.Rxc1 Qd6
23.Bxg6 hxg6 24.Nf3 Bxe3 25.fxe3 Bf5 26.Rc4 f6 27.Rd4 Be4 28.Qd1 Bf5 29.Nd2 b5
30.axb5 axb5 31.e4 Qc5 32.Qa1 Bd7 33.Nf3 g5 34.d6 g4 35.hxg4 Bxg4 36.b4 Qh5+
37.Nh2 Kf7 38.Qa2+ Be6 39.Qa7+ Kg6 40.d7 Rh8 41.Qc7 Ra8 42.Kg1 Ra1+ 43.Nf1 Qe2
44.Qg3+ Kh7 45.Qh4+  1/2-1/2

[Event "Wch U20"]
[Site "Calicut"]
[Date "1998.11.17"]
[Round "1"]
[White "Vuckovic, Bojan"]
[Black "Satyapragyan, S."]
[Result "0-1"]
[WhiteElo "2435"]
[BlackElo "2210"]

1.e4 c5 2.Nf3 Nc6 3.d4 cxd4 4.Nxd4 e6 5.Nc3 Qc7 6.Be2 a6 7.O-O Nf6 8.Kh1 Be7
9.f4 d6 10.Be3 O-O 11.Qe1 Nxd4 12.Bxd4 b5 13.a3 Bb7 14.Qg3 Bc6 15.Rae1 Qb7
16.Bd3 Rad8 17.Qh3 g6 18.f5 e5 19.Be3 Nh5 20.Be2 Nf4 21.Bxf4 exf4 22.Rxf4 Bf6
23.Ref1 Qe7 24.Qf3 g5 25.Rg4 Rfe8 26.Qh3 Kh8 27.Bd3 Bxc3 28.f6 Qe5 29.Qh6 Rg8
30.Rf5 Rg6 31.Qh5 Bd7 32.Rgxg5 Bxf5 33.Rxf5 Rdg8 34.g3 Rxg3 35.hxg3 Qxg3
36.Qh2 Qxh2+ 37.Kxh2 Bxb2 38.Kh3 Be5  0-1

[Event "Wch U20 Girls"]
[Site "Calicut"]
[Date "1998.11.19"]
[Round "3"]
[White "Aatrhi, Ramaswamy"]
[Black "Riznar, Helena"]
[Result "1-0"]
[WhiteElo "2035"]
[BlackElo "2025"]

1.e4 c5 2.Nf3 e6 3.d4 cxd4 4.Nxd4 Nc6 5.Nc3 Qc7 6.Be2 a6 7.O-O Nf6 8.Be3 Be7
9.Nb3 b5 10.a3 O-O 11.f4 d6 12.Bd3 Rd8 13.Qf3 Bb7 14.Qg3 d5 15.e5 d4 16.exf6 Bxf6
17.Ne4 Kf8 18.Bd2 Ke7 19.Nbc5 h5 20.Nxb7 Qxb7 21.Qf3  1-0

[Event "Cologne op 47th"]
[Site "Cologne"]
[Date "1998.11.19"]
[Round "7"]
[White "Peschlow, Patrick"]
[Black "Seiler, Andreas"]
[Result "1/2-1/2"]
[WhiteElo "2180"]
[BlackElo "2170"]

1.e4 c5 2.Nc3 Nc6 3.Nge2 e6 4.d4 cxd4 5.Nxd4 Qc7 6.g4 h5 7.g5 a6 8.g6 fxg6
9.Rg1 Bb4 10.a3 Qe5 11.axb4 Qxd4 12.Rxg6 Nxb4 13.Qxd4 Nxc2+ 14.Kd1 Nxd4 15.Be3 Kf7
16.Rg3 Nc6 17.Nb5 g6 18.Nd6+ Kg7 19.Bd4+ e5 20.Bc3 Nf6 21.Bb5 Nd4 22.Bxd4 exd4
23.f3 h4 24.Rg5 Rh5 25.Nf5+ Kf7 26.Rxh5 Nxh5 27.Nxd4 Rb8 28.Bc4+ Kf6 29.Ra5 b5
30.Bd5 Bb7 31.Bxb7 Rxb7 32.Rxa6+ Ke5 33.Ne2 Nf4 34.Nxf4 Kxf4 35.Rxg6 Kxf3
36.Rh6 Rc7 37.e5 Rc5 38.e6 Rd5+ 39.Kc2 dxe6 40.Rxe6 Kg2 41.Re2+ Kf3 42.Re6 Kg2
43.Re2+ Kf3 44.Re6  1/2-1/2

[Event "Cologne op 47th"]
[Site "Cologne"]
[Date "1998.11.20"]
[Round "8"]
[White "Seiler, Andreas"]
[Black "Hess, Christian"]
[Result "1-0"]
[WhiteElo "2170"]
[BlackElo "2300"]

1.e4 c5 2.Nc3 e6 3.Nf3 Nc6 4.d4 cxd4 5.Nxd4 a6 6.Be2 Qc7 7.O-O Bc5 8.Be3 d6
9.Qd2 Nf6 10.a4 O-O 11.Nb3 Bb4 12.Bd3 Ne5 13.Bd4 Nc4 14.Bxc4 Qxc4 15.Qd3 Qc6
16.Na2 a5 17.Nxb4 axb4 18.Bxf6 gxf6 19.Nd4 Qc5 20.Nb5 Ra6 21.Rfd1 Rd8 22.Qd4 Qxd4
23.Rxd4 Kf8 24.Rxb4 Ke7 25.Rc4 Rc6 26.Rxc6 bxc6 27.Nd4 Kd7 28.f3 Kc7 29.Kf2 f5
30.exf5 e5 31.Ne2 Bxf5 32.c3 d5 33.b4 Ra8 34.Nc1 Bc2 35.Ra2 Bb1 36.Ra1 Bc2
37.Ra2 Bf5 38.Nb3 Bd3 39.Nc5 Bc4 40.Rd2 f6 41.Rd1 Ra7 42.Ke3 Ra8 43.g4 Rb8
44.h3 h6 45.Rd2 d4+ 46.cxd4 Rxb4 47.dxe5 fxe5 48.h4 Rb8 49.Rc2 Rb4 50.g5 hxg5
51.hxg5 Kd6 52.Ne4+ Ke7 53.Rh2 Rxa4 54.Rh7+ Kf8 55.g6 Bd5 56.Nf6 Ra3+ 57.Kd2 Bg8
58.Rc7 Ra2+ 59.Ke3 Rg2 60.Rc8+ Ke7 61.Nxg8+ Kd7 62.Ra8 Rxg6 63.Ra7+ Kd8 64.Ne7 Rf6
65.Rb7 Ke8 66.Nc8 Kd8 67.Nb6 Rf4 68.Rd7+ Ke8 69.Rc7 Rf6 70.Nc4 Kd8 71.Rh7 Rf5
72.Ra7 Rh5 73.Ra5 Rh4 74.Nxe5 Kc7 75.f4 Kd6 76.Ra6 Kd5 77.Rxc6 Rh3+ 78.Kf2 Ke4
79.Rc4+ Kf5 80.Nf3 Kg4 81.Ne5+ Kf5 82.Nf7 Kf6 83.Nd6 Rd3 84.Ne4+ Kf5 85.Ng3+ Kg4
86.f5+ Kg5 87.Kg2 Re3 88.Kh3 Re8 89.Rg4+ Kf6 90.Rg6+ Kf7 91.Kg4 Re1 92.Kf4 Rg1
93.Ra6 Rg2 94.Ne4 Rg1 95.Ng5+ Ke8 96.Ra7 Rf1+ 97.Kg4 Rf2 98.Nf3 Rg2+ 99.Kf4 Rf2
100.Ke4 Re2+ 101.Kd5 Rf2 102.Nd4 Rf1 103.Ke6 Re1+ 104.Kf6  1-0

[Event "Wch U20"]
[Site "Calicut"]
[Date "1998.11.21"]
[Round "5"]
[White "Groetz, Harald"]
[Black "Ramu, K."]
[Result "1-0"]
[WhiteElo "2225"]
[BlackElo "2125"]

1.e4 c5 2.Nf3 e6 3.d4 cxd4 4.Nxd4 Nc6 5.Nc3 Qc7 6.Nxc6 bxc6 7.Bd3 Nf6 8.O-O d5
9.Qe2 Bb4 10.Bd2 a5 11.exd5 Nxd5 12.Nxd5 cxd5 13.Bxb4 axb4 14.Qg4 Qe7 15.Qxg7 Qf8
16.Qf6 Bd7 17.Rfe1 h5 18.Re5 Qh6 19.Qh4 f6 20.Rxh5 Qxh5 21.Qxh5+ Rxh5 22.Bg6+ Ke7
23.Bxh5 Rc8 24.Bd1 e5 25.a3 bxa3 26.Rxa3 Bf5 27.c3 d4 28.Kf1 dxc3 29.Rxc3 Rxc3
30.bxc3 Bc8 31.g4 Kf7 32.h4 Kg6 33.Bc2+ Kh6 34.f3 Ba6+ 35.Kf2 Bc4 36.Ke3 Bd5
37.Bd3 Bc6 38.c4 Bd7 39.c5 Be8 40.Be4 Bd7 41.c6  1-0

[Event "Owens Corning"]
[Site "Wrexham"]
[Date "1998.11.21"]
[Round "4"]
[White "Dineley, Richard"]
[Black "Jansa, Vlastimil"]
[Result "0-1"]
[WhiteElo "2275"]
[BlackElo "2490"]

1.e4 c5 2.Nf3 e6 3.d4 cxd4 4.Nxd4 Nc6 5.Nc3 a6 6.Be2 d6 7.Be3 Nf6 8.O-O Be7
9.f4 O-O 10.Kh1 Qc7 11.Qe1 Nxd4 12.Bxd4 b5 13.a3 Bb7 14.Qg3 Bc6 15.Rae1 Qb7
16.Bd3 b4 17.axb4 Qxb4 18.Ne2 Qb7 19.Nc3 Rfd8 20.Qh3 h6 21.Re2 Qb4 22.Bg1 e5
23.fxe5 dxe5 24.Rb1 Bc5 25.Bxc5 Qxc5 26.Qf3 a5 27.Ree1 Rab8 28.Ne2 a4 29.Ng3 Bd7
30.Rf1 Bg4 31.Qf2 Qxf2 32.Rxf2 Be6 33.Rff1 Ba2 34.Ra1 Rxb2 35.h3 Ra8 36.Nf5 Kf8
37.Nxh6 a3 38.Nf5 Be6 39.Ne3 a2 40.Kh2 Rb4 41.c3 Rb3 42.Rfc1 Nd7 43.Nd1 Nc5  0-1

[Event "BL2-W9899"]
[Site "Germany"]
[Date "1998.11.22"]
[Round "2.4"]
[White "Bock, Andreas"]
[Black "David, Alberto"]
[Result "0-1"]
[WhiteElo "2265"]
[BlackElo "2525"]

1.e4 c5 2.Nf3 Nc6 3.d4 cxd4 4.Nxd4 e6 5.Nc3 Qc7 6.Be2 a6 7.O-O Nf6 8.Be3 Be7
9.f4 d6 10.Qe1 O-O 11.Qg3 Nxd4 12.Bxd4 b5 13.a3 Bb7 14.Rae1 Bc6 15.Bd3 Rad8
16.Re3 g6 17.Ref3 Qb7 18.Qh3 b4 19.axb4 Qxb4 20.Ne2 e5 21.Bc3 Qc5+ 22.Kh1 Nxe4
23.Qh6 f5 24.Bxe4 Bxe4 25.Rh3 Rf7 26.Ra1 Qf2 27.Rg3 Qxe2 28.h4 Qf2 29.fxe5 Qxg3
30.e6 Qxg2+  0-1

[Event "Bundesliga 9899"]
[Site "Germany"]
[Date "1998.11.22"]
[Round "4.7"]
[White "Reeh, Oliver"]
[Black "Klebel, Martin"]
[Result "1-0"]
[WhiteElo "2425"]
[BlackElo "2410"]

1.e4 c5 2.Nf3 e6 3.d4 cxd4 4.Nxd4 Nc6 5.Nc3 Qc7 6.f4 a6 7.Nxc6 Qxc6 8.Bd3 b5
9.Qe2 Bb4 10.Bd2 Nf6 11.a3 Bxc3 12.Bxc3 Bb7 13.Bxf6 gxf6 14.O-O-O Rg8 15.Rhe1 O-O-O
16.g3 d5 17.exd5 Rxd5 18.Bxh7 Rxd1+ 19.Rxd1 Rh8 20.Bd3 f5 21.h4 Rd8 22.Qe3 Rd5
23.h5 Rd8 24.Be2 Rxd1+ 25.Bxd1 Qh1 26.b3 Kd7 27.Qd4+ Ke8 28.Kb2 Be4 29.a4 b4
30.a5 Qe1 31.h6 Qh1 32.Be2 Qh2 33.h7 Qxh7 34.Bxa6  1-0

[Event "Wch U20"]
[Site "Calicut"]
[Date "1998.11.24"]
[Round "7"]
[White "Vuckovic, Bojan"]
[Black "Kobalija, Mihail"]
[Result "1/2-1/2"]
[WhiteElo "2435"]
[BlackElo "2505"]

1.e4 c5 2.Nf3 e6 3.d4 cxd4 4.Nxd4 Nc6 5.Nc3 Qc7 6.Be2 a6 7.O-O Nf6 8.Kh1 Be7
9.f4 d6 10.Be3 O-O 11.Qe1 Nxd4 12.Bxd4 b5 13.a3 Bb7 14.Qg3 Bc6 15.Rae1 Rae8
16.Bd3 e5 17.fxe5 Nh5 18.Qh3 dxe5 19.Be3 Nf4 20.Bxf4 exf4 21.Nd5 Bxd5 22.exd5 g6
23.Qf3 Bd6 24.Re4 Re5 25.Rxe5 Bxe5 26.c3 Rd8 27.Rd1 Qd6 28.Qe2 Bf6 29.Bc2 Kf8
30.Bb3 Re8 31.Qd2 Bh4 32.Rf1 Re3 33.Bd1 Be7 34.Qd4 Bf6 35.Qb4 Qxb4 36.axb4 Rd3
37.Bf3 Rd2 38.Rb1 Bd8 39.Kg1 a5 40.bxa5 Bxa5 41.Kf1 Bb6 42.Ke1 Be3 43.Rd1 Rxb2
44.d6 Bf2+ 45.Kf1 Bb6 46.Bc6 Rf2+ 47.Ke1 Rc2 48.d7 Bd8 49.Rd4 Rxc3 50.Bxb5 Re3+
51.Kf2 g5 52.Bd3 Re5 53.Bxh7 f5 54.Bg6 Ke7 55.Kf3 Bb6 56.Rd3 Bd8 57.h4 Re3+  1/2-1/2

[Event "Wch U20 Girls"]
[Site "Calicut"]
[Date "1998.11.24"]
[Round "7"]
[White "Jackova, Jana"]
[Black "Ciuksyte, Zivile"]
[Result "1/2-1/2"]
[WhiteElo "2205"]
[BlackElo "2120"]

1.e4 c5 2.Nf3 e6 3.Nc3 Nc6 4.d4 cxd4 5.Nxd4 Qc7 6.Be3 a6 7.Be2 Nf6 8.O-O Bb4
9.f3 Bxc3 10.bxc3 d5 11.Nxc6 bxc6 12.c4 O-O 13.Bg5 Qe5 14.Bxf6 Qxf6 15.cxd5 exd5
16.exd5 Rd8 17.c4 cxd5 18.cxd5 Qd6 19.Qa4 Bb7 20.Rab1 Bxd5 21.Qa5 Qe6 22.Rfe1 Bxa2
23.Ra1 Bc4 24.Bf1 Qf6 25.Re4 Bxf1 26.Kxf1 h6 27.Rae1 Qc6 28.Re7 Rd5 29.Qc7 Qb5+
30.Kg1 Rf5 31.Qb7 Qxb7 32.Rxb7 a5 33.Reb1 Rc5 34.Rb8+ Rc8 35.Rxc8+ Rxc8 36.Ra1 Ra8
37.Ra4 Kf8 38.Kf2 Ke7 39.Ke3 Kd6 40.Kd4 Kc6 41.Kc4 Ra7 42.h4 Kb6 43.Kb3 Kb5
44.Rg4 f6 45.Rd4 Kc5 46.Rd8 Rb7+ 47.Ka3 Kc6 48.Ka4 Rb4+ 49.Kxa5 Rxh4 50.Rg8 Rh5+
51.Kb4 Rg5 52.g4 Kd5 53.Re8 Re5 54.Rd8+ Ke6 55.Kc4 Ke7 56.Rd3 Kf7 57.Kd4 Kg6
58.Ra3 Kg5 59.Ra7 g6 60.Rg7 h5 61.f4+ Kxf4 62.Rxg6 Re4+ 63.Kd3 Re3+ 64.Kd2 Rh3
65.Rxf6+  1/2-1/2

[Event "AMEBS"]
[Site "La Plata"]
[Date "1998.11.24"]
[Round "3"]
[White "Van Riemsdijk, Herman C"]
[Black "Hernandez, Gilberto"]
[Result "0-1"]
[WhiteElo "2405"]
[BlackElo "2520"]

1.e4 c5 2.Nf3 e6 3.d4 cxd4 4.Nxd4 Nc6 5.Nc3 Qc7 6.g3 a6 7.Bg2 Nf6 8.O-O d6
9.Be3 Be7 10.h3 O-O 11.Na4 Ne5 12.b3 b5 13.Nb2 Bb7 14.c4 Nxe4 15.Rc1 b4 16.Qc2 Nc5
17.f4 Ned7 18.Rcd1 Rfe8 19.Qd2 Rab8 20.Kh2 Nf6 21.Rfe1 Nfe4 22.Qc2 Nc3 23.Ra1 Bxg2
24.Qxg2 d5 25.Nf3 Bf6 26.Bd4 Bxd4 27.Nxd4 Rbd8 28.Nf3 a5 29.Ne5 f6 30.Nf3 d4
31.Nd2 e5 32.fxe5 fxe5 33.a3 e4 34.axb4 axb4  0-1

[Event "Max Wilkerson"]
[Site "San Francisco"]
[Date "1998.11.24"]
[Round "6"]
[White "Cusi, Ronald"]
[Black "Cartagena, Omar"]
[Result "1/2-1/2"]
[WhiteElo "2355"]
[BlackElo "2435"]

1.e4 c5 2.Nc3 Nc6 3.Nf3 e6 4.d4 cxd4 5.Nxd4 Qc7 6.a3 a6 7.Be2 Nf6 8.Be3 Be7
9.O-O d6 10.f4 O-O 11.Kh1 Rd8  1/2-1/2

[Event "Wch U20"]
[Site "Calicut"]
[Date "1998.11.25"]
[Round "8"]
[White "Dervishi, Erald"]
[Black "Satyapragyan, S."]
[Result "1/2-1/2"]
[WhiteElo "2430"]
[BlackElo "2210"]

1.e4 c5 2.Nf3 Nc6 3.d4 cxd4 4.Nxd4 e6 5.Nc3 Qc7 6.Be2 a6 7.O-O Nf6 8.Kh1 Be7
9.f4 d6 10.a4 O-O 11.Be3 Nxd4 12.Bxd4 e5 13.Be3 exf4 14.Bxf4 Be6 15.Nd5 Bxd5
16.exd5 Nd7 17.c4 Bf6 18.Qc2 Be5 19.Be3 a5 20.Rf3 g6 21.g4 Bg7 22.Raf1 Rae8
23.b3 Nf6 24.Rh3 Nxd5 25.Bc1 Nb4 26.Qd1 Re6 27.Bf3 Qe7 28.Bd2 Kh8 29.Bxb4 axb4  1/2-1/2

[Event "AMEBS"]
[Site "La Plata"]
[Date "1998.11.27"]
[Round "6"]
[White "Giaccio, Alfredo"]
[Black "Hernandez, Gilberto"]
[Result "1/2-1/2"]
[WhiteElo "2460"]
[BlackElo "2520"]

1.e4 c5 2.Nf3 Nc6 3.d4 cxd4 4.Nxd4 e6 5.Nc3 Qc7 6.Be3 a6 7.f4 b5 8.Qf3 Bb7
9.Bd3 Nf6 10.Nde2 Be7 11.Qg3 Nb4 12.a3 Nxd3+ 13.cxd3 d6 14.Rc1 Qd7 15.O-O O-O
16.e5 Nh5 17.Qh3 g6 18.d4 f5 19.exf6 Nxf6 20.Bf2 Rae8 21.Rfd1 Bd8 22.Bh4 Bb6
23.Kh1 Qf7 24.Bg5 Rc8 25.Re1 Rc4 26.Rcd1 Nh5 27.Rd3 Qf5 28.Qxf5 exf5 29.Be7 Re8
30.Bxd6 Rxd4 31.Rxd4 Bxd4 32.Rd1 Bg7 33.Kg1 Kf7 34.Bb4 Bc6 35.Nd4 Ba8 36.g3 Rd8  1/2-1/2

[Event "National Congress 29th"]
[Site "Philadelphia"]
[Date "1998.11.27"]
[Round "2"]
[White "Rogers, Norman"]
[Black "Yermolinsky, Alex"]
[Result "1-0"]
[WhiteElo "2240"]
[BlackElo "2625"]

1.e4 c5 2.Nf3 Nc6 3.Nc3 e6 4.d4 cxd4 5.Nxd4 d6 6.Bc4 Nf6 7.Bb3 a6 8.Be3 Be7
9.Qe2 O-O 10.O-O-O Qc7 11.g4 Nxd4 12.Rxd4 Nd7 13.g5 Nc5 14.h4 b5 15.Kb1 Rb8
16.Rg1 a5 17.Nxb5 Rxb5 18.g6 Nxb3 19.axb3 Rc5 20.gxh7+ Kh8 21.Rd2 Bf6 22.f4 a4
23.Bxc5 Qxc5 24.Rg3 Bb7 25.bxa4 Ra8 26.Rb3 Bc6 27.e5 dxe5 28.Rc3 Qg1+ 29.Rd1 Qg2
30.Qxg2 Bxg2 31.fxe5 Bxe5 32.Ra3 f5 33.b4 f4 34.Re1 f3 35.Rxf3 Bxf3 36.Rxe5 Rxa4
37.c3 Bd5 38.Kc2 Kxh7 39.Kd3 Kg6 40.Kd4 Kf6 41.Rg5 Ra1 42.Rg4 Rd1+ 43.Kc5 e5
44.c4 Be6  1-0

[Event "Wch U20 Girls"]
[Site "Calicut"]
[Date "1998.11.28"]
[Round "11"]
[White "Smajlovic, Lejla"]
[Black "Riznar, Helena"]
[Result "1/2-1/2"]
[WhiteElo "2105"]
[BlackElo "2025"]

1.e4 c5 2.Nf3 e6 3.d4 cxd4 4.Nxd4 Nc6 5.Nc3 Qc7 6.Be2 a6 7.O-O Nf6 8.Kh1 Be7
9.f4 d6 10.Bf3 O-O 11.Nb3 Bd7 12.g4 Rac8 13.g5 Ne8 14.Bg2 g6  1/2-1/2

[Event "Wch U20"]
[Site "Calicut"]
[Date "1998.11.28"]
[Round "11"]
[White "Vuckovic, Bojan"]
[Black "Kalod, Radek"]
[Result "1/2-1/2"]
[WhiteElo "2435"]
[BlackElo "2435"]

1.e4 c5 2.Nf3 Nc6 3.d4 cxd4 4.Nxd4 e6 5.Nc3 Qc7 6.Be2 a6 7.O-O Nf6 8.Kh1 Be7
9.f4 d6 10.Be3 O-O 11.Qe1 Nxd4 12.Bxd4 b5 13.a3 Bb7 14.Qg3 Bc6 15.Rae1 Rae8
16.Bf3 Rd8 17.e5 dxe5 18.Bxe5 Qc8 19.Ne4 Bxe4 20.Bxe4 g6 21.Bd3 Nd7 22.Bc3 Qc7
23.Qh3 Bf6 24.Bxf6 Nxf6 25.Qh4 Kg7 26.f5 exf5 27.Rxf5 Qd6 28.Rf3 Rfe8 29.Ref1 Nd7
30.a4 Re5 31.axb5 axb5 32.Qf4 Qe7 33.Qd4 f6 34.Rd1 Kf7 35.Bf1 Re1 36.Rxe1 Qxe1  1/2-1/2

[Event "AMEBS"]
[Site "La Plata"]
[Date "1998.11.29"]
[Round "8"]
[White "Bibiloni, Jorge Jaime"]
[Black "Panno, Oscar"]
[Result "1/2-1/2"]
[WhiteElo "2175"]
[BlackElo "2465"]

1.e4 c5 2.Nf3 Nc6 3.Nc3 e6 4.d4 cxd4 5.Nxd4 a6 6.Be2 Qc7 7.O-O Nf6 8.Be3 Be7
9.f4 d6 10.Bf3 O-O 11.Kh1 Re8 12.a4 Rb8 13.g4 Nd7 14.Bg2 b6 15.Qe1 Bb7 16.Rd1 Nxd4
17.Bxd4 e5 18.fxe5 dxe5 19.Qg3 Bg5 20.Bg1 Rbd8 21.Qf2 Bf4 22.Qe2 Nf6 23.h3 g5
24.Rxd8 Rxd8 25.Rd1 Rxd1  1/2-1/2

[Event "Wch U20 Girls"]
[Site "Calicut"]
[Date "1998.11.30"]
[Round "13"]
[White "Jackova, Jana"]
[Black "Ghate, Swati"]
[Result "1-0"]
[WhiteElo "2205"]
[BlackElo "2190"]

1.e4 c5 2.Nf3 e6 3.Nc3 Nc6 4.d4 cxd4 5.Nxd4 Qc7 6.Be3 a6 7.Bd3 Nf6 8.O-O Ne5
9.h3 d6 10.f4 Ng6 11.Nde2 Be7 12.Ng3 Bd7 13.Nh5 Nxh5 14.Qxh5 Bf6 15.Rae1 Bxc3
16.bxc3 Qxc3 17.Rb1 Qc7 18.Kh1 Bc6 19.e5 dxe5 20.fxe5 O-O 21.Rb4 Qe7 22.Rc4 Rac8
23.Bg5 f6 24.Rh4 Bxg2+ 25.Kh2  1-0

[Event "Sonnevanck 7th"]
[Site "Wijk aan Zee"]
[Date "1998.12.03"]
[Round "3"]
[White "Wortel, Marten"]
[Black "Friedman, Aviv"]
[Result "1-0"]
[WhiteElo "2285"]
[BlackElo "2370"]

1.e4 c5 2.Nf3 Nc6 3.d4 cxd4 4.Nxd4 e6 5.Nc3 Qc7 6.Be2 a6 7.O-O Nf6 8.Kh1 Bb4
9.Qd3 O-O 10.Bg5 Bxc3 11.bxc3 Qe5 12.f4 Qxe4 13.Qg3 Nxd4 14.Bxf6 Nf5 15.Qg4 Qxc2
16.Rad1 Kh8 17.Bd3 Qa4 18.Bxf5 gxf6 19.Bxh7 f5 20.Qh5 Kg7 21.Qg5+ Kh8 22.Qf6+ Kxh7
23.Rd3  1-0

[Event "BL9899 (Women)"]
[Site "Germany"]
[Date "1998.12.06"]
[Round "6.5"]
[White "Muller, Anne"]
[Black "Fichtner, Kathrin"]
[Result "0-1"]
[WhiteElo "2115"]
[BlackElo "2115"]

1.e4 c5 2.Nf3 Nc6 3.d4 cxd4 4.Nxd4 e6 5.Nc3 a6 6.Be3 Qc7 7.Bd3 Nf6 8.O-O Be7
9.Kh1 b5 10.f4 Bb7 11.e5 Ng8 12.Ne4 f5 13.Nd2 Nh6 14.Qh5+ Nf7 15.N2b3 g6
16.Qe2 O-O 17.a4 bxa4 18.Rxa4 Nb4 19.Na5 Nxd3 20.cxd3 Bd5 21.Rc1 Qb8 22.Nc4 g5
23.Rca1 Bc5 24.Nf3 Bxe3 25.Qxe3 gxf4 26.Qxf4 Kh8 27.Rxa6 Rxa6 28.Rxa6 Qb3
29.Ra3 Qd1+ 30.Ng1 Bxg2+ 31.Kxg2 Rg8+ 32.Kh3 Qxg1 33.Ne3 Rg6 34.Ra8+ Kg7
35.Nxf5+ exf5  0-1

[Event "BRA-ch"]
[Site "Itabirito"]
[Date "1998.12.10"]
[Round "1.2"]
[White "Campello, Leandro"]
[Black "Vescovi, Giovanni"]
[Result "0-1"]
[WhiteElo "2185"]
[BlackElo "2525"]

1.e4 c5 2.Nf3 e6 3.d4 cxd4 4.Nxd4 Nc6 5.Nc3 Qc7 6.Be3 a6 7.Bd3 Nf6 8.O-O Ne5
9.h3 Bc5 10.Kh1 d6 11.f4 Ng6 12.Qe2 O-O 13.Rae1 b5 14.a3 Bb7 15.f5 exf5 16.Nxf5 Rae8
17.Bg5 Nd7 18.Qh5 f6 19.Bd2 Nde5 20.Ne3 Qf7 21.Ned5 Ne7 22.Qxf7+ Kxf7 23.Nxe7 Rxe7
24.Re2 Rfe8 25.Rfe1 Nxd3 26.cxd3 d5 27.exd5 Rxe2 28.Rxe2 Rxe2 29.Nxe2 Bxd5
30.d4 Bb6 31.Bc3 Bc4 32.Ng3 Bd3 33.Kg1 f5 34.Kf2 f4 35.Ne2 g5 36.h4 h6 37.hxg5 hxg5
38.Ng1 Ke6 39.Nf3 g4 40.Ne5 Bf5 41.Nc6 Kd6 42.Nb4 a5 43.Na6 Kd5 44.Nc5 a4
45.Ke2 Be4 46.Kf2 Bf5 47.Ke2 Bd8 48.b3 axb3 49.Nxb3 Kc4 50.Ba5 Bd3+ 51.Kd1 Be7
52.Nd2+ Kxd4 53.Bc7 Be4 54.Bxf4 Bxg2 55.Nb1 Be4 56.Kc1 Bxb1 57.Kxb1 Bxa3  0-1

[Event "Bundesliga 9899"]
[Site "Germany"]
[Date "1998.12.12"]
[Round "5.4"]
[White "Nisipeanu, Liviu Dieter"]
[Black "Kraai, Jesse"]
[Result "1-0"]
[WhiteElo "2610"]
[BlackElo "2345"]

1.e4 c5 2.Nf3 e6 3.Nc3 Nc6 4.d4 cxd4 5.Nxd4 d6 6.Be2 Nf6 7.O-O Be7 8.Be3 O-O
9.f4 Bd7 10.Nb3 Qb8 11.g4 d5 12.exd5 Nxd5 13.Nxd5 exd5 14.Qxd5 Rd8 15.Qg2 Nb4
16.Bf3 Bc6 17.Bxc6 bxc6 18.Kh1 c5 19.Rad1 Qb5 20.a3 Nd5 21.Bg1 Rac8 22.g5 Bf8
23.f5 g6 24.Qf3 Rc7 25.fxg6 hxg6 26.Nd2 Qxb2 27.Ne4 Be7 28.Qxf7+ Kh8 29.Rd3  1-0

[Event "Bundesliga 9899"]
[Site "Germany"]
[Date "1998.12.13"]
[Round "6.2"]
[White "Kindermann, Stefan"]
[Black "Van der Sterren, Paul"]
[Result "1/2-1/2"]
[WhiteElo "2565"]
[BlackElo "2550"]

1.e4 c5 2.Nc3 e6 3.Nf3 Nc6 4.d4 cxd4 5.Nxd4 d6 6.Be2 Nf6 7.O-O Be7 8.Be3 O-O
9.f4 e5 10.Nb3 exf4 11.Bxf4 Be6 12.Kh1 d5 13.e5 Nd7 14.Nxd5 Ndxe5 15.c4 Bg5
16.Nc5 Bxf4 17.Nxe6 fxe6 18.Nxf4 Rf6 19.c5 Qd4 20.Qxd4 Nxd4 21.Nd3 Nc4 22.Rxf6 gxf6
23.Bf1 Rd8 24.Kg1 Ne3 25.Rc1 Kf7 26.h3 e5 27.Kf2 Nxf1 28.Rxf1 Ke6 29.g4 Nc2
30.Ke2 e4 31.Nf4+ Ke5 32.Nh5 Nd4+ 33.Ke3 f5 34.Ng7 Nc2+ 35.Ke2 Nd4+ 36.Ke3 fxg4
37.hxg4 Nc2+ 38.Ke2 Nd4+ 39.Ke3 Nf3 40.Rh1 Rd3+ 41.Kf2 Ng5 42.Ke2 Kf4 43.Nh5+ Ke5
44.Ng7 Rg3 45.c6 bxc6 46.Rc1 Nf3 47.Rc5+ Kd6 48.Nf5+ Kxc5 49.Nxg3 Kd4 50.Nf5+ Ke5
51.Ke3 Nh2 52.Nh6 c5 53.b3 Nf3 54.Nf7+ Kd5 55.Nh6 Ke5 56.Nf7+ Kd5 57.Nh6 Nd4
58.Nf7 Nc2+ 59.Kd2 Nb4 60.Ng5 Nxa2 61.Nxh7 Ke5 62.g5 Kf5 63.Nf6 Nb4 64.Nd7 Kxg5
65.Ke3 Kf5 66.Nxc5 Nd5+ 67.Kd4 Nf6 68.b4 Kf4 69.Ne6+  1/2-1/2

[Event "Carlos Torre op 11th"]
[Site "Merida"]
[Date "1998.12.18"]
[Round "4"]
[White "Juarez Flores, Carlos A"]
[Black "Frias, Victor J"]
[Result "0-1"]
[WhiteElo "2425"]
[BlackElo "2470"]

1.e4 c5 2.Nf3 e6 3.d4 cxd4 4.Nxd4 Nc6 5.Nc3 d6 6.Be2 Nf6 7.O-O Be7 8.Be3 O-O
9.Nb3 a6 10.f4 b5 11.Bf3 Bb7 12.Qd2 Qc7 13.Rad1 b4 14.Na4 e5 15.Nb6 Rad8
16.f5 a5 17.g4 h6 18.h4 d5 19.Nxd5 Nxd5 20.exd5 Nd4 21.Nxd4 exd4 22.Bf4 Qb6
23.d6 Bxd6 24.Bxb7 Qxb7 25.f6 Rfe8 26.fxg7 Re4 27.Qg2 Qe7 28.Qg3 Re3 29.Rf3 Bxf4
30.Qxf4 Rxf3 31.Qxf3 Qxh4 32.Rf1 Qe7 33.Qf2 Qe6 34.Qf5 Kxg7 35.Rf4 Rd5 36.Qxe6 fxe6
37.Kf1 e5 38.Re4 Rc5 39.Re2 Kf6 40.Kf2 e4 41.Kg3 d3 42.cxd3 exd3 43.Rd2 Rd5
44.Kf4 Rd4+ 45.Ke3 Ke5 46.a3 Re4+ 47.Kf3 Kd4 48.Rh2 Re6 49.axb4 axb4 50.Kf4 Rf6+  0-1

[Event "Oxford IM"]
[Site "Oxford"]
[Date "1998.12.18"]
[Round "5"]
[White "Schnabel, Ralf"]
[Black "Sheldon, Ruth"]
[Result "0-1"]
[WhiteElo "2245"]
[BlackElo "2220"]

1.e4 c5 2.Nf3 Nc6 3.d4 cxd4 4.Nxd4 e6 5.Nc3 Qc7 6.Be2 a6 7.O-O b5 8.a3 Bb7
9.Be3 Nf6 10.f4 Nxd4 11.Qxd4 Rc8 12.Bf3 h5 13.Qd1 Bc5 14.Qe2 Qxf4 15.Bxc5 Rxc5
16.Rad1 Qe5 17.Qf2 Rc4 18.Qb6 Qc5+ 19.Qxc5 Rxc5 20.Rd6 Rc6 21.Rxc6 Bxc6 22.e5 Ng4
23.Re1 Ke7 24.h3 Bxf3 25.gxf3 Nh6 26.Re4 Rc8 27.a4 bxa4 28.Rxa4 Rc6 29.Kf2 Nf5
30.Ke2 d6 31.exd6+ Nxd6 32.Kd3 Nf5 33.Ne4 Nh4 34.Ng5 Ng2 35.c4 f6 36.Ne4 Nf4+
37.Kd4 e5+ 38.Kc3 Nxh3 39.b4 Nf4 40.Nc5 Ne2+ 41.Kd3 Nd4 42.f4 Ne6 43.Nxa6 Nxf4+
44.Kc3 Nd5+ 45.Kb3 Nb6 46.Nb8 Rc7 47.Ra6 Nxc4 48.b5 Nd6 49.b6 Rc8 50.Ra7+ Ke6
51.Na6 Rc1 52.Nb4 Rb1+ 53.Ka4 g5 54.b7 Nxb7 55.Rxb7 h4 56.Rh7 e4  0-1